|
|
|
|
| LEADER |
00000nam0a2200000 4500 |
| 001 |
126456 |
| 005 |
20231031131858.0 |
| 035 |
|
|
|a (RuTPU)RU\TPU\book\136805
|
| 090 |
|
|
|a 126456
|
| 100 |
|
|
|a 20071128d1963 k y0rusy50 ca
|
| 101 |
0 |
|
|a rus
|
| 102 |
|
|
|a RU
|
| 105 |
|
|
|a a z 001zy
|
| 200 |
1 |
|
|a Полупродукты для синтеза полиамидов
|e сборник статей
|f под ред. А. М. Цукермана
|
| 210 |
|
|
|a Москва
|c Химиздат
|d 1963
|
| 215 |
|
|
|a 256 с.
|c ил.
|
| 225 |
1 |
|
|a Химия и технология продуктов органического синтеза
|
| 320 |
|
|
|a Библиогр. в конце ст.
|
| 610 |
1 |
|
|a промежуточные продукты
|
| 610 |
1 |
|
|a синтез
|
| 610 |
1 |
|
|a полиамиды
|
| 610 |
1 |
|
|a сборники
|
| 610 |
1 |
|
|a исследования
|
| 610 |
1 |
|
|a процессы
|
| 610 |
1 |
|
|a аппараты
|
| 610 |
1 |
|
|a сточные воды
|
| 610 |
1 |
|
|a очистка
|
| 610 |
1 |
|
|a защита от коррозии
|
| 610 |
1 |
|
|a исследования
|
| 675 |
|
|
|a 661.7
|v 3
|
| 702 |
|
1 |
|a Цукерман
|b А. М.
|4 340
|
| 801 |
|
1 |
|a RU
|b 63413507
|c 20071128
|g PSBO
|
| 801 |
|
2 |
|a RU
|b 63413507
|c 20080929
|g PSBO
|
| 942 |
|
|
|c BK
|